Land use and society : (Record no. 7582)

000 -LEADER
fixed length control field 01259cam a2200241 i 4500
003 - CONTROL NUMBER IDENTIFIER
control field OSt
005 - DATE AND TIME OF LATEST TRANSACTION
control field 20200316134149.0
008 - FIXED-LENGTH DATA ELEMENTS--GENERAL INFORMATION
fixed length control field 131024s2014 dcua b 001 0 eng
020 ## - INTERNATIONAL STANDARD BOOK NUMBER
International Standard Book Number 9781610914543 (pbk. : alk. paper)
040 ## - CATALOGING SOURCE
Original cataloging agency DLC
Language of cataloging eng
Transcribing agency DLC
Description conventions rda
050 00 - LIBRARY OF CONGRESS CALL NUMBER
Classification number KF5698
Item number .P588 2014
082 00 - DEWEY DECIMAL CLASSIFICATION NUMBER
Classification number 346.7304/5
Edition number 23
Item number PLA
100 1# - MAIN ENTRY--PERSONAL NAME
Personal name Platt, Rutherford H.,
Relator term author.
245 10 - TITLE STATEMENT
Title Land use and society :
Remainder of title geography, law, and public policy /
Statement of responsibility, etc Rutherford H. Platt.
250 ## - EDITION STATEMENT
Edition statement Third Edition.
300 ## - PHYSICAL DESCRIPTION
Extent xi, 305 pages :
Other physical details illustrations ;
Dimensions 27 cm
504 ## - BIBLIOGRAPHY, ETC. NOTE
Bibliography, etc Includes bibliographical references (pages 271-294) and index.
505 0# - FORMATTED CONTENTS NOTE
Formatted contents note Land use and society : fundamentals and issues -- Shaping the human landscape : the interaction of geography and law -- Historical roots of American land use institutions -- Building a metropolitan nation : 1900-1940 -- The polarized metropolis : 1945-2010 -- Property rights : the owner as planner -- The patchwork of local governments -- Zoning, regionalism, and smart growth -- Land use and the courts -- Congress and the metropolitan environment.
650 #0 - SUBJECT ADDED ENTRY--TOPICAL TERM
Topical term or geographic name as entry element Land use
General subdivision Law and legislation
Geographic subdivision United States.
650 #0 - SUBJECT ADDED ENTRY--TOPICAL TERM
Topical term or geographic name as entry element Land use
Geographic subdivision United States.
650 #0 - SUBJECT ADDED ENTRY--TOPICAL TERM
Topical term or geographic name as entry element Physical geography
Geographic subdivision United States.
942 ## - ADDED ENTRY ELEMENTS (KOHA)
Source of classification or shelving scheme
Holdings
Withdrawn status Lost status Source of classification or shelving scheme Damaged status Koha normalized classification for sorting Not for loan Permanent location Current location Date acquired Full call number Barcode Date last seen Price effective from Koha item type
        346_730400000000000_5_PLA   BMS College of Architecture, Design and Planning BMS College of Architecture, Design and Planning 2020-03-16 346.7304/5 PLA AR-PG229 2020-03-16 2020-03-16 PG Books
Copyright © 2025, The Librarian, Library and Information Centre, BMSCA D&P, Bengaluru. All Rights Reserved
web counter

Powered by Koha